Obálka Náhled e-knihy:
PDF Epub
Pro půjčování e-knih musíte být přihlášeni.
Jak si půjčit online?

Hříšné pravdy /

Nebezpečná vášeň, riskantní milostný příběh... Druhý díl série s Beckerem Huntem od britské autorky erotických romancí.

Uloženo v:
Série:Hunt legacy, část 2
Hlavní autor: Malpas, Jodi Ellen, 1980- (Autor)
Další autoři: Malá, Emila, 1980- (Autor)
Médium: E-kniha
Jazyk:Czech
Vydáno: Praha : Baronet, 2025
Vydání:1. vydání
Témata:
Příbuzné jednotky:Z cyklu:: Hunt legacy
Tagy:
Žádné tagy
LEADER 02529nam a2200445 i 4500
001 312846
003 CZ PrSKC
005 20260601215729.0
007 ta
008 251020s2025 xr e 000 f cze
015 |a cnb003715476 
020 |a 9788026927037  |q (vázáno) :  |c Kč 499,00 
035 |a (OCoLC)1559932725 
040 |a ABG001  |b cze  |d ABA001  |e rda 
041 1 |a cze  |h eng 
072 7 |a 821.111-3  |x Anglická próza, anglicky psaná  |2 Konspekt 
080 |a 821.111-31  |2 MRF 
080 |a (0:82-993)  |2 MRF 
100 1 |a Malpas, Jodi Ellen,  |d 1980-  |7 ola2014847328  |4 aut 
240 1 0 |a Wicked truths.  |l Česky 
245 1 0 |a Hříšné pravdy /  |c Jodi Ellen Malpasová ; z anglického originálu Wicked Truths přeložila Emila Malá 
250 |a 1. vydání 
264 1 |a Praha :  |b Baronet,  |c 2025 
300 |a 503 stran ;  |c 21 cm 
336 |a text  |b txt  |2 rdacontent 
337 |a bez média  |b n  |2 rdamedia 
338 |a svazek  |b nc  |2 rdacarrier 
520 2 |a Nebezpečná vášeň, riskantní milostný příběh... Druhý díl série s Beckerem Huntem od britské autorky erotických romancí.  |b Becker Hunt je neuvěřitelně bohatý. Pro Eleanor je ale mnohem zajímavější oblast jeho podnikání - pracovat v oboru starožitností byl vždycky její sen. Když však odhalí Beckerovo tajemství, zdá se, že útěk je její jedinou možností. Ale Becker není připraven Eleanor pustit. Ta ví, že by se neměla znovu nechat stáhnout do jeho emocionálně zpustošeného světa, ale jak dlouho dokáže odolávat? Eleanor se musí rozhodnout: zůstat a následovat Beckera do srdce nebezpečí... nebo riskovat, že ho navždy ztratí. Nakladatelská anotace. 
655 7 |a anglické romány  |7 fd131814  |2 czenas 
655 7 |a erotické romány  |7 fd132211  |2 czenas 
655 9 |a English fiction  |2 eczenas 
655 9 |a erotic novels  |2 eczenas 
700 1 |a Malá, Emila,  |d 1980-  |7 jo2006333652  |4 trl 
787 0 8 |i Z cyklu:  |t Hunt legacy  |g 2  |w (CZ-CtDS)d95cb71d-1376-5b61-b772-b7d8fc63c89f 
900 |a ABA001  |b 20 
928 9 |a Albatros Media - Baronet 
044 |a xr 
910 |a RBIT002 
998 |d 423104  |a https://core.palmknihy.cz/api/books/423104/cover?t47wgp  |b https://core.palmknihy.cz/api/books/423104/cover/400?t47wgp  |c https://core.palmknihy.cz/api/books/423104/cover/50?t47wgp  |e 2028-12-15  |g 504  |i 9788026927037  |j https://core.palmknihy.cz/api/books/423104/preview.epub  |k https://core.palmknihy.cz/api/books/423104/preview.pdf  |l   |q 49  |r 1  |s https://www.palmknihy.cz/kniha/423104  |t ebook  |y 2025  |z 0 
999 |d 312844